| 000 | 00669nam a2200181Ia 4500 | ||
|---|---|---|---|
| 008 | 090124s9999 xx 000 0 und d | ||
| 082 | _b10349 | ||
| 100 | _aढेरे रा.चिं. | ||
| 245 | _a महाराष्ट्राचा देव्हारा | ||
| 250 | _a0 | ||
| 260 |
_bविश्र्वकर्मा साहित्यालय़ _c1978 |
||
| 300 | _a140 | ||
| 600 | _aढेरे रा.चिं. | ||
| 630 | _a महाराष्ट्राचा देव्हारा | ||
| 700 | _aढेरे रा.चिं. | ||
| 730 | _a महाराष्ट्राचा देव्हारा | ||
| 942 | _cBOOK | ||
| 999 |
_c85845 _d85845 |
||